Datum a čas kvízu
34.5
Celkem bodů
Celkový počet nahraných bodů na tomto kvízu bez doplňovacích otázek.
5.
Pořadí na kvízu
Konečné umístění týmu na tomto kvízu.
Zaznamenané odpovědi
| # | Otázka | Odpověď | Body | Výsledky |
|---|---|---|---|---|
| 1. | Jak se jmenuje člen britské kr... | princ Edward | 0 | |
| 2. | Doplňte dvě slova názvu dokume... | obranné spolupráci | 1 | |
| 3. | Minulý týden přetřásala bulvár... | Tiffany Richbitch | 1 | |
| 4. | Společnost Meta akceptovala na... | Giphy | 0 | |
| 5. | Noční můru zažili o víkendu fo... | Borussia Dortmund | 1 | |
| 6. | Podíváme se na různé suroviny... | A) na hřbetě | 1 | |
| 7. | Máte-li raději něco zdravějšíh... | D) prosa | 1 | |
| 8. | Worcestrová omáčka se používá... | B) ančovičky | 1 | |
| 9. | Ovsucha čili zizánie vodní je... | A) indiánská rýže | 0 | |
| 10. | Koření zvané hřebíček není tře... | A) nerozvitá poupata | 1 |